|
|
|
|
| LEADER |
01359nam a2200241 a 4500 |
| 001 |
GR-Patra24686 |
| 008 |
080313s2007 gr g 000 0 gre d |
| 020 |
|
|
|a 9789605355302
|
| 040 |
|
|
|a GrPaTEI
|b gre
|c GR-PaULI
|
| 040 |
|
|
|a GrPaTEI
|b gre
|c GR-PaULI
|
| 082 |
|
0 |
|a 641.59495
|2 22
|
| 245 |
0 |
0 |
|a Όλη η Ελλάδα στο πιάτο σας! ; Επιμέλεια συνταγών: Βάσια Χριστοφόρου.
|
| 260 |
|
|
|a Αθήνα :
|b Φυτράκη,
|c c2007
|
| 300 |
|
|
|a 477 σ. :
|b εικ. εγχ.
|
| 650 |
|
4 |
|a Μαγειρική, Ελληνική
|
| 700 |
1 |
|
|a Χριστοφόρου, Βάσια
|
| 710 |
0 |
|
|a Φυτράκη
|
| 942 |
|
|
|2 ddc
|
| 952 |
|
|
|0 0
|1 0
|2 ddc
|4 0
|6 641_594950000000000_ΟΛΗ
|7 0
|9 305877
|a LISK
|b LISK
|c BSC
|d 2021-01-17
|e 24
|f 1
|g 0.00
|l 0
|o 641.59495 ΟΛΗ
|p 92410038102
|q 2010-02-02
|r 2021-01-17 00:00:00
|t 1
|v 2021.00
|w 2021-01-17
|y BK15
|x 20080313 0 0
|x GrPaTEI
|
| 952 |
|
|
|0 0
|1 0
|2 ddc
|4 0
|6 641_594950000000000_ΟΛΗ
|7 0
|9 305878
|a LISK
|b LISK
|c BSC
|d 2021-01-17
|e 24
|f 0
|g 0.00
|l 0
|o 641.59495 ΟΛΗ
|p 92410038103
|r 2021-01-17 00:00:00
|t 1
|w 2021-01-17
|y BK15
|x 20080313 0 1
|x GrPaTEI
|
| 952 |
|
|
|0 0
|1 0
|2 ddc
|4 0
|6 641_594950000000000_ΟΛΗ
|7 0
|9 305879
|a LISK
|b LISK
|c BSC
|d 2021-01-17
|e 24
|f 0
|g 0.00
|l 0
|o 641.59495 ΟΛΗ
|p 92410038104
|r 2021-01-17 00:00:00
|t 1
|w 2021-01-17
|y BK15
|x 20080313 0 1
|x GrPaTEI
|
| 971 |
|
|
|a .b26722586
|b 15-04-20
|c 26-09-16
|
| 999 |
|
|
|c 176851
|d 176851
|